000
00287nam a22001217a 4500
003
SGT
082
_a
158.3
_b
C12O
100
_a
OWENS, PATTI
245
_a
CREATIVE ETHICAL PRACTICE IN COUNSELLING & PSYCHOTHERAPY
260
_a
ANGELES
_b
SAGE
_c
2012
300
_a
126
942
_2
ddc
_c
RARE
999
_c
15053
_d
15053